Rethinking macroeconomics for sustainability (Record no. 80206)

MARC details
000 -LEADER
fixed length control field 00709nam a2200157 a 4500
008 - FIXED-LENGTH DATA ELEMENTS--GENERAL INFORMATION
fixed length control field 120928s2011 ||||||||||||||||| || u
020 ## - INTERNATIONAL STANDARD BOOK NUMBER
International Standard Book Number 978-1-84813-506-2
050 ## - LIBRARY OF CONGRESS CALL NUMBER
Classification number HB 172.5 NAD
100 ## - MAIN ENTRY--PERSONAL NAME
Personal name Nadal, Alejandro
245 10 - TITLE STATEMENT
Title Rethinking macroeconomics for sustainability
Statement of responsibility, etc. by Alejandro Nadal
260 ## - PUBLICATION, DISTRIBUTION, ETC.
Place of publication, distribution, etc. London:
Name of publisher, distributor, etc. Zed Books Ltd
Date of publication, distribution, etc. 2011
300 ## - PHYSICAL DESCRIPTION
Extent x, 235p.
650 #0 - SUBJECT ADDED ENTRY--TOPICAL TERM
Topical term or geographic name entry element MACROECONOMICS
995 ## -
-- MAIN LIBRARY OPEN ACCESS
-- 744081
-- CBU-MAIN LIBRARY (Kitwe)
-- HB 172.5 Nad
-- 1
-- AVAILABLE
-- Jun 26, 2013
-- 744081
-- Main Library Open Access Collection
995 ## -
-- SPECIAL COLLECTIONS
-- 500160
-- CBU-DAG HAMMARSKJOLD INSTITUTE LIBRARY
-- DAG HB 172.5 NAD
-- 1
-- AVAILABLE
-- Nov 16, 2012
-- 500160
-- DHIPS Book Collection
999 ## -
-- 80206
-- 80206

No items available.